000 00527nam a22001577a 4500
005 20150114093127.0
008 150114b ck |||||r|||| 00| 0 spa d
040 _aCO-BoIAVH
_cCO-BoIAVH
041 _aspa
044 _ack
090 _aEA
_b00257
245 _aConsejo Cuenca:
_bPlan de Ordenación y Manejo Ambiental Cuenca del Río La Miel
260 _aCaldas :
_bcorporación Autónoma Regional de Caldas,
_bCorporación Aldea Global,
_c[Sin fecha de publicación]
300 _a6 pag
_bFot (col)
_c22 cm.
942 _2z
_cLIBRO
999 _c8968
_d8968